000
00304nam a2200109Ia 4500
005
20250424120222.0
008
250424s9999 xx 000 0 und d
022
_a
15950956
245
0
_a
African renaissance and the struggle with historical identities
260
_b
African cultural institute
942
_c
SR
999
_c
38058
_d
38058